Joueurs de foot FC24 - FIFA24 #4 - Statistiques

Statistiques générales
  • Ce quiz a été pris 166 fois
  • Le résultat moyen est 14 sur 16
Statistiques - réponses
Par images Réponse % Correct
Rodri
97%
Alisson
94%
Hakimi
94%
Maignan
94%
Alaba
93%
Odegaard
92%
Reus
91%
Bruno Fernandes
90%
Joao Felix
90%
Sancho
89%
Sane
89%
Araujo
88%
Alexander-Arnold
85%
Morata
85%
Openda
72%
De Jong
68%
Aucun quiz correspondant
Distribution des résultats
% des personnes avec chaque résultat
Percentile par nombre de réponses
Votre historique - résultats
Vous n’avez pas pris ce quiz